食品ブランドのロゴクイズ - Statistics

General Stats
  • This quiz has been taken 138 times
  • The average score is 24 of 40
Answer Stats
Picture Answer % Correct
日清食品
99%
キユーピー
98%
マルちゃん
97%
カゴメ
96%
永谷園
90%
味の素
88%
森永製菓
87%
ミツカン
85%
湖池屋
79%
山崎製パン
79%
ヒガシマル醬油
77%
亀田製菓
77%
ニチレイフーズ
77%
エスビー食品
77%
エバラ食品
76%
不二家
72%
はごろもフーズ
71%
ヤマサ醤油
70%
オタフクソース
70%
かねふく
68%
ブルドックソース
64%
ハウス食品
62%
ヤマキ
60%
日本ハム
59%
プリマハム
57%
日清製粉
50%
ゼスプリ
50%
ウミオス / マルハニチロ
45%
キッコーマン
45%
日本食研
44%
ニップン
37%
伊藤ハム
37%
大塚食品
31%
井村屋
29%
カンロ
26%
ニッスイ
22%
ハナマルキ
17%
創味食品
14%
東洋水産
13%
明星食品
8%
No matching quizzes found
Score Distribution
Percent of People with Each Score
Percentile by Number Answered
Your Score History
You have not taken this quiz